Normal view
MARC view
- الجدع،أحمد تأليف/جرار،حسني أدهم
Entry Personal Name
001 - CONTROL NUMBER
- control field: 20155
003 - CONTROL NUMBER IDENTIFIER
- control field: JO-AjAnu
005 - DATE AND TIME OF LATEST TRANSACTION
- control field: 20230606073518.0
008 - FIXED-LENGTH DATA ELEMENTS
- fixed length control field: 230606|| aca||aabn | a|a d
040 ## - CATALOGING SOURCE
- Original cataloging agency: JO-AjAnu
- Transcribing agency: JO-AjAnu
100 ## - HEADING--PERSONAL NAME
- Personal name: الجدع،أحمد تأليف/جرار،حسني أدهم
670 ## - SOURCE DATA FOUND
- Source citation: Work cat.: (JO-AjAnu)10350: الجدع،أحمد تأليف/جرار،حسني أدهم, author, شعراء الدعوة الإسلامية في العصر الحديث، الجزء العاشر